الإدارة الإلكترونية وإمكانية تطبيقها علي نظم وشبكات مراكز المعلومات / (رقم التسجيلة. 79077)

تفاصيل مارك
000 -الفاتح
حقل البيانات ثابتة الطول 01000nam a22002297a 4500
003 - محدد رقم الضبط
رقم الضبط OSt
005 - وقت وتاريخ اخر تعامل مع التسجيلة
رقم الضبط 20200926114845.0
008 - عناصر البيانات ثابتة الطول - معلومات عامة
حقل البيانات ثابتة الطول 140428s2020 ua ||||| b 000 0 ara d
020 ## - الرقم الدولى المعيارى للكتب
الرقم الدولى المعيارى للكتاب 9789773086503
040 ## - مصدر الفهرسة
وكالة الفهرسة الأصلية Ma-Un
وكالة النسخ Ma-Un
082 04 - رقم تصنيف ديوى العشرى
رقم الطبعة 21
رقم التصنيف 020
رقم المادة ح ع إ
100 1# - المدخل الرئيسى - إسم شخصى
الإسم الشخصى عبد الحميد، عماد حسن
9 (RLIN) 86935
245 12 - بيان العنوان
العنوان الإدارة الإلكترونية وإمكانية تطبيقها علي نظم وشبكات مراكز المعلومات /
بيان المسئوليه,etc تأليف عماد حسن عبد الحميد.
250 ## - بيان الطبعة
بيان الطبعة ط. 3.
260 ## - PUBLICATION, DISTRIBUTION, ETC. (IMPRINT)
مكان الناشر او الموزع القاهرة :
-- الجزائر
اسم الناشر او الموزع دار العلم والإيمان للنشر والتوزيع،
-- دار الجديد للنشر والتوزيع،
تاريخ النشر أو التوزيع 2020
300 ## - الوصف المادى
التعداد 380 ص. ؛
أبعاد الوعاء 24 سم.
504 ## - تبصرة ببليوجرافية
تبصرة ببليوجرافية,الخ يشتمل على إرجاعات ببليوجرافية.
650 ## - المدخل الاضافى بالموضوع-مصطلح موضوعى
مصطلح موضوعي أو اسم جغرافي كعنصر مدخل المكتبات
التقسيم الفرعي العام إدارة
9 (RLIN) 86936
650 ## - المدخل الاضافى بالموضوع-مصطلح موضوعى
مصطلح موضوعي أو اسم جغرافي كعنصر مدخل مراكز المعلومات
التقسيم الفرعي العام إدارة
9 (RLIN) 86937
650 ## - المدخل الاضافى بالموضوع-مصطلح موضوعى
مصطلح موضوعي أو اسم جغرافي كعنصر مدخل المعلومات
التقسيم الفرعي العام علم
9 (RLIN) 86938
942 ## - عناصر المدخل الإضافي( كوها)
مصدر التصنيف او مخطط الترفيف Dewey Decimal Classification
Koha [default] item type كتاب
المقتنيات
حالة الفقد نموذج السعر الفعال حالة تلف ليس للاعارة رقم الطلب تاريخ الاكتساب الموقع الحالي الباركود الفرع الرئيسي Date last seen نوع المادة فى نظام كوها مصدر التصنيف او خطة الترفيف Total Checkouts
  2020-09-26     020 ح ع إ 2020-09-26 المكتبة المركزية بالمجمعة (CL) 00164493 المكتبة المركزية بالمجمعة (CL) 2020-09-26 كتاب Dewey Decimal Classification  
  2020-09-26     020 ح ع إ 2020-09-26 المكتبة المركزية بالمجمعة (CL) 00164494 المكتبة المركزية بالمجمعة (CL) 2020-09-26 كتاب Dewey Decimal Classification  
  2020-09-26     020 ح ع إ 2020-09-26 المكتبة المركزية بالمجمعة (CL) 00164495 المكتبة المركزية بالمجمعة (CL) 2020-09-26 كتاب Dewey Decimal Classification  
  2020-09-26     020 ح ع إ 2020-09-26 قسم الاجراءات الفنية (IC) 00164502 قسم الاجراءات الفنية (IC) 2020-09-26 كتاب Dewey Decimal Classification  
  2020-09-26     020 ح ع إ 2020-09-26 قسم الاجراءات الفنية (IC) 00164503 قسم الاجراءات الفنية (IC) 2020-09-26 كتاب Dewey Decimal Classification  
  2020-09-26     020 ح ع إ 2020-09-26 مكتبة كلية التربية بالزلفى - طالبات (EZF) 00164498 مكتبة كلية التربية بالزلفى - طالبات (EZF) 2020-09-26 كتاب Dewey Decimal Classification  
  2020-09-26     020 ح ع إ 2020-09-26 مكتبة كلية التربية بالزلفى - طالبات (EZF) 00164499 مكتبة كلية التربية بالزلفى - طالبات (EZF) 2020-09-26 كتاب Dewey Decimal Classification  
  2020-09-27     020 ح ع إ 2020-09-27 مكتبة كلية التمريض - طلاب (CNM) 00164811 مكتبة كلية التمريض - طلاب (CNM) 2020-09-27 كتاب Dewey Decimal Classification  
  2020-09-27     020 ح ع إ 2020-09-27 مكتبة كلية التمريض - طلاب (CNM) 00164812 مكتبة كلية التمريض - طلاب (CNM) 2020-09-27 كتاب Dewey Decimal Classification  
  2020-09-26     020 ح ع إ 2020-09-26 مكتبة مجمع الطالبات بالمجمعة (EMF) 00164500 مكتبة مجمع الطالبات بالمجمعة (EMF) 2020-09-26 كتاب Dewey Decimal Classification  
  2020-09-26     020 ح ع إ 2020-09-26 مكتبة مجمع الطالبات بالمجمعة (EMF) 00164501 مكتبة مجمع الطالبات بالمجمعة (EMF) 2020-09-26 كتاب Dewey Decimal Classification  
  2020-09-26     020 ح ع إ 2020-09-26 مكتبة مجمع الكليات بالزلفى - طلاب (SZM) 00164496 مكتبة مجمع الكليات بالزلفى - طلاب (SZM) 2020-09-26 كتاب Dewey Decimal Classification  
  2020-09-26     020 ح ع إ 2020-09-26 مكتبة مجمع الكليات بالزلفى - طلاب (SZM) 00164497 مكتبة مجمع الكليات بالزلفى - طلاب (SZM) 2020-09-26 كتاب Dewey Decimal Classification